000 00669nam a22001815i 4500
001 48617
003 ES-MaACL
005 20230906161802.0
007 t|
008 950727s1875 fr ab ||||1| fre d
040 _aCAM
_bspa
_cCAM
100 1 _aDezobry, Charles.
_944061
245 1 0 _aRome au siècle d'Auguste ou voyage d'un gaulois a Rome a l'époque du regne d'Auguste et pendant une partie du régne de Tibère
_b: accompagné d'une description de Rome sous Auguste et sous Tibère /
_cpar Ch. Dezobry.
250 _a4e éd. rev., augm...
260 _aParis :
_bCh. Delagrave,
_c1875 (
_fJ. Claye)
300 _a4 v. ;
_c21 cm.
852 _aES-MaACL
_jC-3317-20
999 _c48617
_d48617